000 00911cam a2200229 a 4500
999 _c59559
_d59559
001 14308521
005 20230314164310.0
008 060321s2006 nyu 000 0 eng
020 _a9781932716245x
041 _aeng
080 _a811.111.1 R-98
100 1 _aRybold, Gary
_917209
245 1 0 _aSpeaking, listening and understanding :
_bdebate for non-native English speakers /
_cGary Rybold.
264 _aNew York, NY :
_bInternational Debate Education Association,
_c2006.
300 _a180 p. ;
_c23 cm.
653 _aსალაპარაკო ინგლისური
653 _aდებატები
653 _aუცხოელი მოსაუბრეები
653 _aსწავლა და სწავლება
942 _2udc
_cBK
955 _alg23 2006-03-21
_clg23 2006-03-21
_aaa15 2006-03-22
_aps10 2006-11-09 1 copy rec'd., to CIP ver.
_ajf00 2006-11-13;